<?xml version="1.0" encoding="UTF-8"?>
<record
    xmlns:xsi="http://www.w3.org/2001/XMLSchema-instance"
    xsi:schemaLocation="http://www.loc.gov/MARC21/slim http://www.loc.gov/standards/marcxml/schema/MARC21slim.xsd"
    xmlns="http://www.loc.gov/MARC21/slim">

  <leader>00870nam a22002177a 4500</leader>
  <controlfield tag="003">EG-ScBUE</controlfield>
  <controlfield tag="005">20221208134539.0</controlfield>
  <controlfield tag="008">111103s1998    ua o     000 0 ara  ara d</controlfield>
  <datafield tag="017" ind1=" " ind2=" ">
    <subfield code="a">1998 / 7086</subfield>
  </datafield>
  <datafield tag="020" ind1=" " ind2=" ">
    <subfield code="a">9770156736</subfield>
  </datafield>
  <datafield tag="040" ind1=" " ind2=" ">
    <subfield code="a">EG-ScBUE</subfield>
    <subfield code="b">ara</subfield>
    <subfield code="e">rda</subfield>
    <subfield code="c">EG-ScBUE</subfield>
    <subfield code="d">EG-ScBUE</subfield>
  </datafield>
  <datafield tag="082" ind1="0" ind2="4">
    <subfield code="2">22</subfield>
    <subfield code="a">781.91</subfield>
    <subfield code="b">&#x646; &#x635; &#x627;</subfield>
  </datafield>
  <datafield tag="100" ind1="1" ind2=" ">
    <subfield code="9">27717</subfield>
    <subfield code="a">&#x646;&#x635;&#x627;&#x631;&#x60C; &#x632;&#x64A;&#x646;&#x60C;</subfield>
    <subfield code="e">&#x645;&#x624;&#x644;&#x641;.</subfield>
  </datafield>
  <datafield tag="245" ind1="1" ind2="0">
    <subfield code="a">&#x639;&#x627;&#x644;&#x645; &#x627;&#x644;&#x645;&#x648;&#x633;&#x64A;&#x642;&#x627; /</subfield>
    <subfield code="c">&#x623;. &#x62F;. &#x632;&#x64A;&#x646; &#x646;&#x635;&#x627;&#x631;&#x60C; &#x623;&#x633;&#x62A;&#x627;&#x630; &#x648;&#x631;&#x626;&#x64A;&#x633; &#x642;&#x633;&#x645; &#x627;&#x644;&#x646;&#x642;&#x62F; &#x627;&#x644;&#x645;&#x648;&#x633;&#x64A;&#x642;&#x64A; &#x628;&#x627;&#x644;&#x645;&#x639;&#x647;&#x62F; &#x627;&#x644;&#x639;&#x627;&#x644;&#x64A; &#x644;&#x644;&#x646;&#x642;&#x62F; &#x627;&#x644;&#x641;&#x646;&#x64A; &#x628;&#x623;&#x643;&#x627;&#x62F;&#x64A;&#x645;&#x64A;&#x629; &#x627;&#x644;&#x641;&#x646;&#x648;&#x646; &#x628;&#x627;&#x644;&#x642;&#x627;&#x647;&#x631;&#x629;.</subfield>
  </datafield>
  <datafield tag="264" ind1=" " ind2="1">
    <subfield code="a">&#x627;&#x644;&#x642;&#x627;&#x647;&#x631;&#x629; :</subfield>
    <subfield code="b">&#x627;&#x644;&#x647;&#x64A;&#x626;&#x629; &#x627;&#x644;&#x645;&#x635;&#x631;&#x64A;&#x629; &#x627;&#x644;&#x639;&#x627;&#x645;&#x629; &#x644;&#x644;&#x643;&#x62A;&#x627;&#x628;&#x60C;</subfield>
    <subfield code="c">1998.</subfield>
  </datafield>
  <datafield tag="300" ind1=" " ind2=" ">
    <subfield code="a">314 &#x635;&#x641;&#x62D;&#x629; :</subfield>
    <subfield code="b">&#x635;&#x648;&#x631; &#x61B;</subfield>
    <subfield code="c">23 &#x633;&#x645;</subfield>
  </datafield>
  <datafield tag="650" ind1=" " ind2="7">
    <subfield code="9">21989</subfield>
    <subfield code="a">&#x627;&#x644;&#x645;&#x648;&#x633;&#x64A;&#x642;&#x649;.</subfield>
    <subfield code="2">BUEsh</subfield>
  </datafield>
  <datafield tag="653" ind1=" " ind2=" ">
    <subfield code="c">November2011</subfield>
    <subfield code="b">ART</subfield>
  </datafield>
  <datafield tag="655" ind1=" " ind2=" ">
    <subfield code="v">Reading book</subfield>
  </datafield>
  <datafield tag="942" ind1=" " ind2=" ">
    <subfield code="2">ddc</subfield>
    <subfield code="c">BB</subfield>
  </datafield>
  <datafield tag="999" ind1=" " ind2=" ">
    <subfield code="c">16194</subfield>
    <subfield code="d">16194</subfield>
  </datafield>
  <datafield tag="952" ind1=" " ind2=" ">
    <subfield code="0">0</subfield>
    <subfield code="1">0</subfield>
    <subfield code="2">ddc</subfield>
    <subfield code="4">0</subfield>
    <subfield code="7">0</subfield>
    <subfield code="8">Alef-Baa</subfield>
    <subfield code="a">MAIN</subfield>
    <subfield code="b">MAIN</subfield>
    <subfield code="c">2ND</subfield>
    <subfield code="d">2011-11-03</subfield>
    <subfield code="e">Purchase</subfield>
    <subfield code="o">781.91 &#x646; &#x635; &#x627;</subfield>
    <subfield code="p">000025594</subfield>
    <subfield code="r">2025-07-15 00:00:00</subfield>
    <subfield code="y">BB</subfield>
  </datafield>
</record>
